000 00582nam a22001937a 4500
999 _c6167
_d6167
003 AR-CdUCM
008 190313b ||||| |||| 00| 0 SPA d
040 _aMUNICIPALIDAD PROVINCIAL DEL CUSCO
_cBIBLIOTECA MUNICIPAL DEL CUSCO
082 _a868.5 /
_bAL35
100 _aAlas, Leopoldo
_917832
245 _aDoña Berta, Cuervo, Supercherìa /
260 _aBuenos Aires,
_bEmece editores,
_c1943.
300 _a189 páginas ;
_c19 cm.
500 _aDonación familia Nieto
650 _aNovelas españolas
_9584
650 _aSiglo XIX
_9971
942 _2ddc
_cLIBROS
945 _aafb